000
00310nam a22001337a 4500
008
171019b xxu||||| |||| 00| 0 eng d
020
_a
9780761900979
041
_a
eng
080
_a
338
100
_a
54
101
_a
MEN
245
_a
ATTITUDES IN AND AROUND ORGANIZATIONS
_c
BRIEF.A.P
942
_2
udc
_c
BK
999
_c
35000
_d
35000